Ecuador Oil Ruling: Whose Victory? /
Guardado en:
| Hovedforfatter: | |
|---|---|
| Format: | Texto |
| Fag: | |
| Tags: |
Tilføj Tag
Ingen Tags, Vær først til at tagge denne postø!
|
MARC
| LEADER | 00000 a a2200000 04500 | ||
|---|---|---|---|
| 001 | 9987 | ||
| 003 | |||
| 040 | |||
| 100 | |a Bruno, Kenny | ||
| 245 | |a Ecuador Oil Ruling: |b Whose Victory? / |c Kenny Bruno | ||
| 650 | |a RECURSOS PETROLIFEROS | ||
| 650 | |a MOVILIZACION SOCIAL | ||
| 650 | |a POBLACION INDIGENA | ||
| 650 | |a PROTECCION DEL PATRIMONIO CULTURAL | ||
| 650 | |a PROTECCION AMBIENTAL | ||
| 773 | |g volumen 36, número 6; páginas 23-25 | ||
| 999 | |c 33637 |d 33637 | ||
